LEADER 03695 am 22007093u 450 001 996200030203316 005 20210222152146.0 010 $a3-319-18428-8 024 7 $a10.1007/978-3-319-18428-9 035 $a(CKB)3710000000416707 035 $a(SSID)ssj0001500634 035 $a(PQKBManifestationID)11874318 035 $a(PQKBTitleCode)TC0001500634 035 $a(PQKBWorkID)11515571 035 $a(PQKB)10731611 035 $a(DE-He213)978-3-319-18428-9 035 $a(MiAaPQ)EBC3566808 035 $a(MiAaPQ)EBC6363140 035 $a(Au-PeEL)EBL6363140 035 $a(OCoLC)1291317548 035 $a(oapen)https://directory.doabooks.org/handle/20.500.12854/32798 035 $a(PPN)186026838 035 $a(EXLCZ)993710000000416707 100 $a20150527d2015 u| 0 101 0 $aeng 135 $aurnn#---mamaa 181 $ctxt$2rdacontent 182 $cc$2rdamedia 183 $acr$2rdacarrier 200 10$aContemporary bioethics $eIslamic perspective /$fby Mohammed Ali Al-Bar, Hassan Chamsi-Pasha 205 $a1st ed. 2015. 210 $aCham$cSpringer Nature$d2015 210 1$aCham :$cSpringer International Publishing :$cImprint: Springer,$d2015. 215 $a1 online resource (xv, 267 pages) $cdigital file(s) 300 $aBibliographic Level Mode of Issuance: Monograph 311 08$aPrint version: 9783319184272 331918427X 320 $aIncludes bibliographical references. 330 $aThis book discusses the common principles of morality and ethics derived from divinely endowed intuitive reason through the creation of al-fitr' a (nature) and human intellect (al-?aql). Biomedical topics are presented and ethical issues related to topics such as genetic testing, assisted reproduction and organ transplantation are discussed. Whereas these natural sources are God?s special gifts to human beings, God?s revelation as given to the prophets is the supernatural source of divine guidance through which human communities have been guided at all times through history. The second part of the book concentrates on the objectives of Islamic religious practice ? the maqa' sid ? which include: Preservation of Faith, Preservation of Life, Preservation of Mind (intellect and reason), Preservation of Progeny (al-nasl) and Preservation of Property. Lastly, the third part of the book discusses selected topical issues, including abortion, assisted reproduction devices, genetics, organ transplantation, brain death and end-of-life aspects. For each topic, the current medical evidence is followed by a detailed discussion of the ethical issues involved. 606 $aHuman genetics 606 $aMedical ethics 606 $aEthics 606 $aHuman Genetics$3https://scigraph.springernature.com/ontologies/product-market-codes/B12008 606 $aTheory of Medicine/Bioethics$3https://scigraph.springernature.com/ontologies/product-market-codes/H66000 606 $aEthics$3https://scigraph.springernature.com/ontologies/product-market-codes/E14000 610 $aHuman Genetics 610 $aTheory of Medicine/Bioethics 610 $aEthics 615 0$aHuman genetics. 615 0$aMedical ethics. 615 0$aEthics. 615 14$aHuman Genetics. 615 24$aTheory of Medicine/Bioethics. 615 24$aEthics. 676 $a611.01816 676 $a599.935 700 $aAl-Bar$b Mohammed Ali$4aut$4http://id.loc.gov/vocabulary/relators/aut$0930246 702 $aChamsi-Pasha$b Hassan$4aut$4http://id.loc.gov/vocabulary/relators/aut 801 2$bUkMaJRU 906 $aBOOK 912 $a996200030203316 996 $aContemporary bioethics$92092435 997 $aUNISA LEADER 01480cam a2200289 4500 001 991003186439707536 005 20250430130141.0 008 940527s1604 it f b 000 0 lat d 035 $ab14294631-39ule_inst 035 $aCICOGNARA-A2012-0108$9ExL 040 $aBibl. Interfacoltà T. Pellegrino$bita 100 1 $aBocchi, Francesco$d<1548-1618>$0211990 245 10$aEpistola$bseu Opusculum Francisci Bocchii de restitutione sacrae testudinis florentinae ad perillustrem Franciscum Niccolinum, Romam. 246 30$aOpusculum Francisci Bocchii de restitutione sacrae testitudinis florentinae ad perillustrem Franciscum Niccolinum, Romam. 246 30$aDe restitutione sacrae testitudinis florentinae 260 $aFlorentiae,$bapud Michaelangelum Sermartellium,$c1604. 300 $a23 p; $c21 cm. 500 $aFront. con incisione. 500 $aRiproduzione in microfiche dell'originale conservato presso la Biblioteca Apostolica Vaticana 787 18$iLeopoldo Cicognara Program :$tBiblioteca Cicognara$h[microform] : literary sources in the history of art and kindred subjects 787 18$tCatalogo ragionato dei libri d'arte e d'antichità / Leopoldo Cicognara 907 $a.b14294631$b01-04-22$c28-07-16 912 $a991003186439707536 945 $aLE002 SB Raccolta Cicognara, mcrf 1139$g0$lle002$pE0.00$rn$so $t11$u0$v0$w0$x0$y.i1576610x$z28-07-16 996 $aEpistola$91391307 997 $aUNISALENTO 998 $ale002$b28-07-16$cm$dg $e-$flat$git $h0$i1 LEADER 02625nam0 2200481 i 450 001 CFI0482389 005 20251003044142.0 010 $a8846420209 020 $aIT$b2000-10880 100 $a20020513d2000 ||||0itac50 ba 101 | $aita 102 $ait 181 1$6z01$ai $bxxxe 182 1$6z01$an 183 1$6z01$anc$2RDAcarrier 200 1 $aDiseguaglianze sociali e modi di vivere$fIRPET, Istituto regionale per la programmazione economica della Toscana; Regione Toscana, Giunta regionale, Servizio statistica$g\a cura di! Alessandra Pescarolo, Paola Tronu 210 $aMilano$cF. Angeli$d\2000! 215 $a216 p.$d23 cm 225 | $aIRPET$fIstituto regionale per la programmazione economica della Toscana$v39 300 $aSegue: Appendice statistica. 410 0$1001CFI0025200$12001 $aIRPET$fIstituto regionale per la programmazione economica della Toscana$v39$171202$aIRPET$3CFIV005217 606 $aClassi sociali$xToscana$xInchieste$2FIR$3CFIC115353$9I 606 $aQualità della vita$xToscana$xInchieste$2FIR$3CFIC115354$9I 676 $a305.509455$9CLASSI SOCIALI$v21 676 $a305.545$9Classi sociali - Italia$v14 702 1$aPescarolo$b, Alessandra$3CFIV096311 702 1$aTronu$b, Paola$3CFIV183579 710 02$aIRPET$3CFIV005217$4070$0381843 711 02$aToscana$c $b : Servizio statistica$3CFIV316691$4070$0743517 791 02$aIstituto regionale per la programmazione economica della Toscana$3CFIV005218$zIRPET 791 02$aIstituto regionale programmazione economica della Toscana$3CFIV189003$zIRPET 791 02$aIstituto regionale programmazione economica Toscana$3RT1V031703$zIRPET 791 02$aIstituto regionale per la programmazione economica della Toscana$3CFIV005218$zIRPET 791 02$aIstituto regionale programmazione economica della Toscana$3CFIV189003$zIRPET 791 02$aToscana$b : Giunta regionale$b : Servizio statistica$3CFIV164035$zToscana : Servizio statistica 801 3$aIT$bIT-000000$c20020513 850 $aIT-BN0095 901 $bNAP 01$cPOZZO LIB.$nVi sono collocati fondi di economia, periodici di ingegneria e scienze, periodici di economia e statistica e altri fondi comprendenti documenti di economia pervenuti in dono. 912 $aCFI0482389 950 0$aBiblioteca Centralizzata di Ateneo$c1 v.$d 01POZZO LIB.ECON MON 1406$e 0101 0000206695E VMA 1 v. (Precedente collocazione: DASES B 1675)$fB $h20091221$i20091221 977 $a 01 996 $aDiseguaglianze sociali e modi di vivere$91479224 997 $aUNISANNIO